Riešenie pracovných sporov v SR

Referát, ktorý odznel na seminári vo Varšave v dňoch 8.-10. okt. 1997. Formovanie nového systému zamestnaneckej participácie na riadení v SR ako súčasť demokratických procesov. Kolektívne vyjednávanie. Právna úprava kolektívneho vyjednávania. Kolektívne zmluvy. Súčinnosť štátu pri kolektívnom vyjedn...

Full description

Saved in:
Bibliographic Details
Main Author: Grígelová, Nina
Format: Book Chapter
Language:Slovak
Subjects:
Tags: Add Tag
No Tags, Be the first to tag this record!

MARC

LEADER 00000naa a2200000 4500
001 r030100
005 20230807093058.0
041 0 |a slo 
044 |a SK 
245 1 0 |a Riešenie pracovných sporov v SR  |c Nina Grígelová 
520 |a Referát, ktorý odznel na seminári vo Varšave v dňoch 8.-10. okt. 1997. Formovanie nového systému zamestnaneckej participácie na riadení v SR ako súčasť demokratických procesov. Kolektívne vyjednávanie. Právna úprava kolektívneho vyjednávania. Kolektívne zmluvy. Súčinnosť štátu pri kolektívnom vyjednávaní. Inštitút tripartity. Kolektívne spory. Riešenie kolektívnych sporov. Výber sprostredkovateľov a rozhodcov a spôsob overovania ich odborných znalostí. 
610 2 0 |a vyjednávanie kolektívne 
610 2 0 |a tripartita 
610 2 0 |a spory pracovné 
610 2 0 |a konanie rozhodcovské 
610 2 0 |a účasť na riadení 
610 2 0 |a zákony 
610 2 0 |a Slovensko 
610 2 0 |a zmluvy kolektívne 
100 1 |a Grígelová, Nina